| 000 | 00803nam a2200229 a 4500 | ||
|---|---|---|---|
| 005 | 20140310183544.0 | ||
| 008 | 111109s19uu xx 00 eng d | ||
| 020 | _a9780821371794 | ||
| 050 |
_aHC 79.C3 _b.R63 2008 |
||
| 100 | _aPardina, Martin Rodriguez | ||
| 245 |
_aAccounting for infrastructure regulation : _ban introduction / _cMartin Rodriguez Pardina, Richard Schlirf Rapti, Eric Groom. |
||
| 260 |
_aWashington DC : _bWorld Bank, _c2008 |
||
| 300 |
_a222 p. : _bill. ; _c26 cm. |
||
| 521 | _aBSBA | ||
| 650 |
_aInfrastucture (Economics) _xGovernment policy |
||
| 650 |
_aPublic utilities _xAccounting _xGovernment policy |
||
| 650 |
_aCorporations _xAccounting _xGovernment policy |
||
| 700 | _aRapti, Richard Schlirf | ||
| 700 | _aGroom, Eric | ||
| 942 |
_cBK _2lcc _kFOR |
||
| 999 |
_c24845 _d24845 |
||